000 00540nam a2200217Ia 4500
003 OSt
005 20221005115544.0
006 a|||||r|||| 00| 0
007 ta
008 221004b |||||||| |||| 00| 0 tam d
024 _a48135
037 _cTextual
040 _aCRL
_cCRL
_btam
041 _2tam
_atam
082 _aO31,1C92:g, J6
100 _aIlangoadi
_9627729
245 0 _aChilappadhi karam
650 _aTAMIL LITERATURE
942 _hO31,1C92:g, J6
_cTEXL
_2cc
999 _c1035177
_d1035177